Σκουπίδια και ανακύκλωση

Αποθηκεύτηκε σε:
Λεπτομέρειες βιβλιογραφικής εγγραφής
Μορφή: Περιοδική έκδοση
Γλώσσα:Greek
Δημοσίευση: Αθήνα : Οικολογική Εταιρεία Ανακύκλωσης, 1992-
Θέματα:
Ετικέτες: Προσθήκη ετικέτας
Δεν υπάρχουν, Καταχωρήστε ετικέτα πρώτοι!

MARC

LEADER 00000nas a2200000 i 4500
001 1/18542
008 010316d19922011gr r | | |gre||
035 |l 10066529 
040 |a GR-MY-UA  |b gre  |e aacr 
041 0 |a gre 
082 0 |a 363.7282  
245 1 0 |a Σκουπίδια και ανακύκλωση   |h [περιοδικό]  
246 3 3 |a Ανακύκλωση [περιοδικό]  
260 |a Αθήνα :   |b Οικολογική Εταιρεία Ανακύκλωσης,   |c 1992-  
310 |a Τριμηνιαίο 
650 0 0 |a Recycling (Waste, etc.) 
853 |a INST  |b LESVOS  |c SER  |h 363.7282 
853 |a INST  |b SYROS  |c SER 
901 |a BIBL1-2004-1 
922 |a 5ΕΛΗ  |b 200001  |c ΚΕΝΤΡΙΚΗ ΒΙΒΛΙΟΘΗΚΗ  |d ΒΛΑΧΑΚΟΣ 
922 |a 1ΕΛΗ  |b 199601  |c ΤΑΚ/ΚΥΒ  |d ΧΑΡΤΣΙΑΣ